00330nam a2200133Ia 45000010005000000080041000050200014000460820026000601000018000862450009001042600055001139010011001689990017001791212241024s9999 xx 000 0 und d a1019-9357 a[*SIN CLASIFICACION*] a[*SIN AUTOR*] 0aRCRC bMovimiento Int. de la C. Roja y de la M. Luna Roja a1/2/13 c12446d12446